000 00730nam a2200277Ia 4500
003 OSt
005 20220912150805.0
006 a|||||r|||| 00| 0
007 ta
008 220909b |||||||| |||| 00| 0 eng d
024 _a42661
037 _cTextual
040 _aCSL
_beng
_cCSL
041 _aeng
082 _aG:62:(B28), H9;L1
100 _aMather K
245 0 _aBiometrical genetics: The study of continuos variation
250 _a2
260 _aLondon
_bChapman & Hall
_c1971
300 _axii, 382p.
_ccm.
650 _a Bioimetrical genetics
650 _aBiology
700 _a Jinks J L
942 _hG:62:(B28), H9;L1
_cTEXL
_2CC
999 _c55057
_d55057